| 000 | 00457nam a2200181Ia 4500 | ||
|---|---|---|---|
| 001 | 24221 | ||
| 005 | 20260414151029.0 | ||
| 008 | 260414t2017||||xx |||||||||||||| ||spa|| | ||
| 041 | _aESP | ||
| 082 |
_a796.334092 _bF89 |
||
| 100 |
_aFuentes Pastor, Hélard André _eAUT |
||
| 245 | 0 |
_aPatato Márquez : _b¡cuéntenos de sus goles! |
|
| 260 | _c2017 | ||
| 300 |
_a26 páginas : _c20 cm. |
||
| 650 | _aABD | ||
| 654 | _aCAU | ||
| 942 |
_cLIB _dJUS _fJUS _2ddc _n |
||
| 999 |
_c24221 _d24221 |
||